000 00707nam a2200289Ia 4500
005 20260324120742.0
008 008 260324s9999 xx 000 0 eng d
020 _a9781315773223
037 _aEBOOK
040 _aCRL
040 _beng
040 _cCRL
041 _2eng
041 _aeng
084 _qCRL
100 _aNaila Maier-Knapp
_91159832
245 0 _aSoutheast Asia and the European Union
245 0 _bNon-traditional security crises and cooperation
260 _bTaylor and Francis
260 _c2014
365 _a
365 _b150
856 _uhttp://www.taylorfrancis.com/books/9781315773223
942 _cEBOOK
999 _c1751521
_d1751521